MISI KIMIA /

Bibliographic Details
Main Author: Siti Mariam (Author)
Other Authors: Farid Majid, Lazender
Format: Book
Language:Malayalam
Published: Cyberjaya, Selangor Boneybone Studio Sdn Bhd. [2022]
Subjects:
LEADER 00995cam a2200325 7i4500
001 0000072826
005 20250207090000.0
008 250207q2022 maua e 1may##
020 # # |a 9789672626626  
040 # # |a INTS 
041 0 # |a mal 
082 0 4 |a 741.5 
090 0 0 |a 741.5   |b SIT 
100 0 # |a Siti Mariam   |e author. 
245 1 0 |a MISI KIMIA /   |c Penulis Skrip : Siti Maryam & Farid Majid ; Ilustrator : Lazender. 
264 # 4 |c ??A♭ 
264 # 1 |a Cyberjaya, Selangor  |b Boneybone Studio Sdn Bhd.  |c [2022] 
300 # # |a 89 pages, 21 unnumbered pages:   |b colour illustrations;   |c 21 cm. 
336 # # |a text  |2 rdacontent 
337 # # |a unmediated  |2 rdamedia 
338 # # |a volume  |2 rdacarrier 
583 # # |a LULUS 
650 2 0 |a  Students  
650 2 0 |a Young adult fiction, Malay $v Comic books, strips, etc.  
650 1 0 |a Comic books, strips, etc.  
700 0 # |a Farid Majid  
700 0 # |a Lazender  
997 # # |a INTS 
998 # # |a 6000007511 
999 |a 6000007511  |b BOOK  |c Main Fiction  |e INTAN Sabah